KLAN & LEA - Dass du mich liebst (lyrics) - Statistiken

Allgemein
  • Dieses Quiz wurde 19 mal gespielt
  • Das Durchschnittsergebnis liegt bei 138 aus 237
Antwortstatistiken
Antwort % Korrekt
da
100%
Da
100%
das
100%
du
100%
liebst
100%
mich
100%
ich
91%
Ich
91%
dass
82%
Dass
82%
dich?
82%
Und
82%
und
82%
Was
82%
Wir
82%
wir
82%
doch
73%
ein
73%
es
73%
hab'n
73%
Hab'n
73%
ist
73%
mein
73%
nur,
73%
ohne
73%
so
73%
Wenn
73%
Wie
73%
will
73%
am
64%
dann
64%
dir
64%
immer
64%
in
64%
nicht
64%
wär
64%
war?
64%
Alles
55%
alles
55%
könn'n
55%
Nichts
55%
oder
55%
Vor
55%
wieder
55%
zu
55%
her,
45%
lang
45%
mal
45%
muss
45%
Warum
45%
woll'n,
45%
zum
45%
beide
36%
Frieden
36%
hier
36%
man
36%
sein
36%
sein,
36%
siehst
36%
damit
27%
diese
27%
diesem
27%
Dieses
27%
Kopf
27%
leer
27%
macht
27%
tun,
27%
untern
27%
Weg
27%
Chaos
18%
Drogen,
18%
Dynamit
18%
Dynamit?
18%
echte
18%
explodier'n
18%
Falscher
18%
Feuer
18%
fragile
18%
funktioniert?
18%
glücklich
18%
heillosen
18%
Herzen
18%
heul
18%
kehr
18%
koexistier'n?
18%
Koexistier'n
18%
koexistier'n
18%
Kriege
18%
laute
18%
Musik
18%
Pausen
18%
probiert
18%
probiert?
18%
Schmerz
18%
Schmerzen,
18%
Stehen
18%
Stolz
18%
Therapie
18%
Tisch,
18%
verrückt
18%
Wahrscheinlich
18%
heul'n,
9%
lauf
9%
laufe
9%
Tatort
9%
Keine übereinstimmenden Quizze gefunden
Verteilung der Resultate
Anzahl Personen mit jedem Resultat
Perzentil nach korrekt beantworteten Fragen
Ihre Resultats-Entwicklung
Sie haben dieses Quiz noch nicht gespielt